| 000 | 00889nam a2200205 a 4500 | ||
|---|---|---|---|
| 008 | 120416s1988 ||||||||||||||||| || u | ||
| 020 | _a0135561841 | ||
| 050 | _aHF 5430.3 Ber | ||
| 100 | _aBerry, Brian Joe Lobley, 1934- | ||
| 245 | 1 | 0 | _aMarket centers and retail location: theory and applications |
| 260 |
_aEnglewood Cliffs N.J.: _bPrentice Hall _c1988 |
||
| 300 | _ax, 230p. : ill. | ||
| 350 | _a0.00 | ||
| 500 | _aRev. ed. of: Geography of market centers and retail distribution. 1967. -Includes bibliographies and index. | ||
| 650 | _aCENTRAL BUSINESS--DISTRICTS--UNITED STATES OF AMERICA | ||
| 650 | _aSHOPPING CENTERS--UNITED STATES--LOCATION | ||
| 650 | _aSTORE LOCATION--UNITED STATES | ||
| 700 | _aParr, John B | ||
| 995 |
_D0.00 _FCBU-MAIN LIBRARY (Kitwe) _H1 _I0.00 _UAVAILABLE _ZMain Library Open Access Collection |
||
| 999 |
_c50365 _d50365 |
||